[Смолы, лаки, эмали, компаунд и другие добавки. ... № 3 (Запись № 6756076)
[ простой вид ]
| 000 -МАРКЕР | |
|---|---|
| контрольное поле | 02050nam2a22002411 4500 |
| 001 - ИДЕНТИФИКАТОР ЗАПИСИ | |
| контрольное поле | rc\611410 |
| 005 - ИДЕНТИФИКАТОР ВЕРСИИ | |
| контрольное поле | 20250621221906.0 |
| 035 ## - ДРУГИЕ СИСТЕМНЫЕ НОМЕРА | |
| Идентификатор записи | (NLR Aleph) 005950009 |
| 100 ## - ДАННЫЕ ОБЩЕЙ ОБРАБОТКИ | |
| Данные общей обработки | 20031121d1986 |||y0rusy50 ca |
| 101 0# - ЯЗЫК РЕСУРСА | |
| Язык текста, звукозаписи и т.д. | русский |
| 102 ## - СТРАНА ПУБЛИКАЦИИ ИЛИ ПРОИЗВОДСТВА | |
| Страна публикации | Российская Федерация |
| 105 ## - ПОЛЕ КОДИРОВАННЫХ ДАННЫХ: ТЕКСТОВЫЕ МАТЕРИАЛЫ, МОНОГРАФИЧЕСКИЕ | |
| Кодированные данные о монографическом текстовом документе | y ||||||||| |
| 200 0# - ЗАГЛАВИЕ И СВЕДЕНИЯ ОБ ОТВЕТСТВЕННОСТИ | |
| Основное заглавие | ... № 3 |
| 210 ## - ПУБЛИКАЦИЯ, РАСПРОСТРАНЕНИЕ И ДР. | |
| Дата издания, распространения и т.д. | 1986 |
| Место издания, распространения и т.д. | Б. м. |
| 215 ## - ФИЗИЧЕСКАЯ ХАРАКТЕРИСТИКА | |
| Специфическое обозначение материала и объем | 16 с. |
| 333 ## - ПРИМЕЧАНИЯ ОБ ОСОБЕННОСТЯХ РАСПРОСТРАНЕНИЯ И ИСПОЛЬЗОВАНИЯ | |
| Текст примечания | ДСП. Экз. № 000007 |
| 461 #0 - УРОВЕНЬ НАБОРА | |
| Встроенное поле | 001rc\611409 |
| -- | 2001#$a[Смолы, лаки, эмали, компаунд и другие добавки$eНК 21.0.01-83$eПропитанные и лакированные волокнистые электроизоляционные материалы: НК 21.1.01-83$eСлюдосодержащие электроизоляционные материалы: НК 21.3.01-83$eРазные электроизоляционные материалы: НК 21.4.01-83$eНоменклатур. кат.]$eДополнения и изменения...$fМ-во электротехн. пром-сти, ВНИИ информ. и техн.-экон. исслед. в электротехнике (Информэлектро)$v... № 3 |
| Системный номер (АБИС) связанной записи | 6756067 |
| Место публикации | М. |
| Дата публикации | 1986 |
| Первые сведения об ответственности | М-во электротехн. пром-сти, ВНИИ информ. и техн.-экон. исслед. в электротехнике (Информэлектро) |
| Имя издателя, распространителя и т.д. | Информэлектро |
| Сведения, относящиеся к заглавию | НК 21.0.01-83 : Пропитанные и лакированные волокнистые электроизоляционные материалы: НК 21.1.01-83 : Слюдосодержащие электроизоляционные материалы: НК 21.3.01-83 : Разные электроизоляционные материалы: НК 21.4.01-83 : Номенклатур. кат.] : Дополнения и изменения... |
| Заглавие | [Смолы, лаки, эмали, компаунд и другие добавки |
| Номер тома | ... № 3 |
| 801 #0 - ИСТОЧНИК ЗАПИСИ | |
| Страна | Российская Федерация |
| Организация | NLR |
| Правила каталогизации | psbo |
| 801 #1 - ИСТОЧНИК ЗАПИСИ | |
| Страна | Российская Федерация |
| Организация | ELAR |
| Источник данных | rusmarc |
| 852 ## - МЕСТОНАХОЖДЕНИЕ И ШИФР ХРАНЕНИЯ | |
| Идентификатор организации | NLR |
| Шифр хранения (Call Number) | 88-50К/3253 |
| 942 ## - ДОПОЛНИТЕЛЬНЫЕ ЭЛЕМЕНТЫ ЗАПИСИ (АБИС) | |
| Тип экземпляра АБИС | Книга |
| 980 ## - КОЛЛЕКЦИЯ | |
| Название коллекции | Национальная библиография |
| Тип экземпляра | Дата поступления | Библиотека постоянного хранения | Библиотека текущего хранения | Место хранения | Шифр хранения | Штрих-код | Статус экземпляра |
|---|---|---|---|---|---|---|---|
| Книга | 26.10.2013 | РНБ (Московский) | РНБ (Московский) | Фонд литературы для служебного пользования | 88-50К/3253 | 1-4468056 |